Olympischer Medaillenspiegel - Barcelona 1992 - Statistiken

Allgemein
  • Dieses Quiz wurde 20 mal gespielt
  • Das Durchschnittsergebnis liegt bei 8 aus 11
Antwortstatistiken
Gold Silber Bronze Gesamt Land % Korrekt
37 34 37 108 Vereinigte Staaten
100%
33 21 28 82 Deutschland
94%
16 22 16 54 China
89%
8 5 16 29 Frankreich
83%
13 7 2 22 Spanien
83%
3 8 11 22 Japan
78%
7 9 11 27 Australien
72%
12 5 12 29 Südkorea
50%
11 12 7 30 Ungarn
44%
45 38 29 112 Vereintes Team
44%
14 6 11 31 Kuba
22%
Keine übereinstimmenden Quizze gefunden
Verteilung der Resultate
Anzahl Personen mit jedem Resultat
Perzentil nach korrekt beantworteten Fragen
Ihre Resultats-Entwicklung
Sie haben dieses Quiz noch nicht gespielt